Vecný index

Bibliographic Details
Format: Article
Language:Slovak
ISSN:0006-9248
Subjects:

MARC

LEADER 00000nab a2200000 a 4500
001 vtls000750227
003 SK-MaSNL
005 20260304113229.0
008 250429c2000 xo 0 slo
015 |a SNBRB2001/03-07989 
035 |a CLN000102029 
035 |a urn:nbn:sk:snk-ablcs 
035 |a (urnnbn)urn:nbn:sk:snk:ar-a03fl3 
035 |a (uuid)001c8bf3-fc39-44bc-b533-8dc558a2abf7 
040 |a SNKBUCL  |b slo  |c SNKBUCL  |e AACR2 
041 0 |a slo 
044 |a xo  |c SK 
080 |a 61:05(437.6)  |2 1997 
080 |a 05(437.6):61  |2 1997 
245 0 0 |a Vecný index 
246 1 1 |a Key words index 
500 |a Súbežný názov a text angl. 
630 0 7 |a Bratislavské lekárske listy (časopis)  |y 2000  |x index vecný  |2 snkbucl  |9 1416241 
655 7 |a články z novín a časopisov  |2 snkbucl  |9 267496 
773 0 |t Bratislavské lekárske listy  |g Roč. 101, č. 12 (2000), s. 684-689 a 693-696  |x 0006-9248 
850 |a Slovenská národná knižnica 
852 |a Slovenská národná knižnica 
954 |a odborná, vedecká literatúra pôvodná (slovenská)  |2 lita 
958 |a article27 
958 |a MI 
958 |a NB 
958 |a OND 
958 |a EUIPO 
992 |a RBX 
999 |c 2868639  |d 2870569